| 000 | 01752nam0a2200349 4500 | ||
|---|---|---|---|
| 001 | RU\NLR\BIBL_A\012059317 | ||
| 005 | 20220909155627.0 | ||
| 010 |
_a978-5-222-32300-7 _92000 |
||
| 021 |
_aRU _bКН-П-19-044507 _9КН-П-19-3257 |
||
| 035 | _a(NLR Aleph) 012059317 | ||
| 035 | _a(RuMoRGB)010014200 | ||
| 090 |
_a11695014 _c11695014 |
||
| 100 | _a20190717d2020 u y0rusy50 ca | ||
| 101 | 0 | _arus | |
| 102 | _aRU | ||
| 105 | _aa j 000zy | ||
| 200 | 1 |
_aОсновы парикмахерского дела _eучебное пособие для студентов образовательных учреждений среднего профессионального образования, обучающихся по специальности "Парикмахерское искусство" _fИ. С. Тундалева |
|
| 210 |
_aРостов-на-Дону _cФеникс _d2020 [т. е. 2019] |
||
| 215 |
_a222 с. _cил., табл. _d21 |
||
| 225 | 1 | _aСерия "Среднее профессиональное образование" | |
| 225 | 1 | _aСоответствует ФГОС | |
| 300 | _aКн. фактически изд. в 2019 г. | ||
| 320 | _aБиблиогр.: с. 218-219 | ||
| 333 | _a0+ | ||
| 606 | 1 |
_aПарикмахерское дело _jУчебные издания для среднего профессионального образования _2nlr_sh1 _2nlr_sh2 _3RU\NLR\AUTH\66174185 |
|
| 686 | 1 | _aН937я723-1 | |
| 700 | 1 |
_aТундалева _bИ. С. _cканд. пед. наук _gИрина Сергеевна _3RU\NLR\AUTH\770246247 |
|
| 942 | _cBOOK | ||
| 980 | _aNBR | ||
| 980 | _aNB | ||